000 00283nam a22001217a 4500
003 SGT
082 _a342.08
_bBEH
100 _aBEHSI NAVEEN
245 _aRIGHT TO LIFE AND PERSONAL LIBERTY UNDER ARTICLE 21 OF INDIAN CONSTITUTION
260 _c2021
300 _a31
942 _2ddc
_cTH
999 _c34062
_d34062